| 000 | 02229nam a2200301Ia 4500 | ||
|---|---|---|---|
| 999 |
_c54863 _d54863 |
||
| 001 | 21932 | ||
| 003 | GE_BSU | ||
| 005 | 20220822141820.0 | ||
| 008 | 181216s ||||ge |||||||||||||| ||geo|| | ||
| 020 | _a9789941907951 | ||
| 040 | _cGE_BSU | ||
| 041 | _ageo | ||
| 080 | _a811.353.2'282 მ-29 | ||
| 100 |
_aმარგიანი-სუბარი, ქეთევან _912 |
||
| 245 |
_aზემოსვანურ დიალექტთა მორფოსინტაქსური ანალიზის ზოგი ასპექტი : (ენგურისა და კოდორის ხეობათა მოსახლეობის მეტყველების მიხედვით) / _bქეთევან მარგიანი-სუბარი ; _cრედ. იზა ჩანტლაძე, თეიმურაზ გვანცელაძე ; ინგლისურენოვანი ტექსტის მთარგმნ. და რედ. ანა მესხი. |
||
| 264 |
_aთბილისი : _bწიგნობარის" გამ-ბა, _c2008-2009. |
||
| 300 |
_a252 გვ. ; _c20 სმ. |
||
| 504 | _aბიბლიოგრ.: გვ. 242-249 | ||
| 541 | _h8ლ. | ||
| 546 | _aრეზიუმე ინგლისურ ენაზე | ||
| 653 | _aზემოსვანურ დიალექტთა მორფოსინტაქსური ანალიზის ზოგი ასპექტი : (ენგურისა და კოდორის ხეობათა მოსახლეობის მეტყველების მიხედვით) | ||
| 653 | _aსვანური ენა | ||
| 653 | _aსვანური ენის დიალექტები | ||
| 700 |
_aჩანტლაძე, იზა _eრედაქტორი _914547 |
||
| 700 |
_aგვანცელაძე, თეიმურაზ _eრედაქტორი _9291 |
||
| 700 |
_aმესხი, ანა _e ინგლისურენოვანი ტექსტის მთარგმნელი და რედაქტორი _96 |
||
| 942 |
_cBK _2udc |
||